000 00290nam a22001337a 4500
008 171012b xxu||||| |||| 00| 0 eng d
020 _a0397473958
041 _aeng
080 _a316
100 _a50
101 _aSOC
245 _aSYMBOLS, SELVES & SOCIETY
_cKARP,D.A
942 _2udc
_cBK
999 _c33418
_d33418